| 000 | 00000nam##2200000za#4500 |
| 001 | 9.611147 |
| 003 | CaOODSP |
| 005 | 20200327121646 |
| 007 | ta |
| 008 | 150406|1994||||xxc||||| f|0| 0 eng|d |
| 022 | |a0706-6457 |
| 040 | |aCaOODSP|beng |
| 043 | |an-cn--- |
| 086 | 1 |aFs97-6/1936E |
| 110 | 1 |aCanada. |bDepartment of Fisheries and Oceans. |
| 245 | 10|aMacrophyte surveys of littoral habitats in Great Lakes' Areas of Concern: the Bay of Quinte, Hamilton Harbour, and Seven Sound, 1988 to 1991 / |cby C. K. Minns et al. |
| 260 | |aOttawa - Ontario : |bFisheries and Oceans Canada |c1994. |
| 300 | |a60p. : |bfigs., references, tables ; |c28 cm. |
| 490 | 1 |aCanadian technical report of fisheries and aquatic sciences|x0706-6457|v1936 |
| 500 | |aPrepared in the Great Lakes Laboratory for Fisheries and Aquatic Sciences, Department of Fisheries and Oceans, 867 Lakeshore Road, P.O. Box 5050, Burlington, Ontario L7R 4A6. |
| 546 | |aRésumés en français |
| 563 | |aSoftcover |
| 690 | 07|aFisheries|2gcpds |
| 690 | 07|aHabitats|2gcpds |
| 720 | 1 |aMinns, C. |
| 776 | 0#|tMacrophyte surveys of littoral habitats in Great Lakes' areas of concern : |w(CaOODSP)9.573772 |
| 830 | #0|aCanadian technical report of fisheries and aquatic sciences,|x0706-6457|v1936|w(CaOODSP)9.514691 |